000 004730000a22001690004500
003 MACL
005 20160106163039.0
008 160106b xxu||||| |||| 00| 0 eng d
040 _aMACL
_cMACL
041 _aEnglish
082 _a828/COL
100 _aColeridge , Samuel Taylor
_928942
245 _aMiscellanies Aesthetic and Literary
_bThe Theory of Life
260 _bG. Bell & Sons
_c1911
_aLondon
650 _aMiscellaniuos Writing
_928943
942 _cBK
_k828/COL
_2ddc
999 _c38579
_d38579